| 000 | 00438nam a2200181Ia 4500 | ||
|---|---|---|---|
| 008 | 230524s9999 xx 000 0 und d | ||
| 020 | _a9788126553037 | ||
| 082 | _bKIT | ||
| 100 | _aJ.K.Kittur | ||
| 245 | 0 | _aElements of Mechanical Engineering | |
| 250 | _a1 | ||
| 260 |
_aNew Delhi _bWiley India _c2015 |
||
| 300 | _a"XVIII,277p;" | ||
| 500 | _aQuantity Number: 21 | ||
| 650 | _aMechanics | ||
| 700 | _aG.D.Gokak | ||
| 942 | _cBK | ||
| 999 |
_c57650 _d57650 |
||